Normal view MARC view

Entry Personal Name

Number of records used in: 1

001 - CONTROL NUMBER

  • control field: 9209

003 - CONTROL NUMBER IDENTIFIER

  • control field: DLC

005 - DATE AND TIME OF LATEST TRANSACTION

  • control field: 20221102145551.0

008 - FIXED-LENGTH DATA ELEMENTS

  • fixed length control field: 820927n| azannaabn |a aaa

010 ## - LIBRARY OF CONGRESS CONTROL NUMBER

  • LC control number: n 82101622

035 ## - SYSTEM CONTROL NUMBER

  • System control number: (OCoLC)oca00798183

040 ## - CATALOGING SOURCE

  • Original cataloging agency: DLC
  • Language of cataloging: eng
  • Description conventions: rda
  • Transcribing agency: DLC
  • Modifying agency: DNLM

100 1# - HEADING--PERSONAL NAME

  • Personal name: Gracey, J. F.

378 ## - FULLER FORM OF PERSONAL NAME

  • Fuller form of personal name: Joseph Forde

400 1# - SEE FROM TRACING--PERSONAL NAME

  • Personal name: Gracey, Joseph Forde

670 ## - SOURCE DATA FOUND

  • Source citation: His Survey of livestock diseases in Northern Ireland ... 1960.

670 ## - SOURCE DATA FOUND

  • Source citation: Thornton, H. Thornton's Meat hygiene, 1981:
  • Information found: t.p. (J. F. Gracey) verso t.p. (Brit. CIP data: Gracey, Joseph Forde)

670 ## - SOURCE DATA FOUND

  • Source citation: OCLC files, April 30, 2014
  • Information found: (Ph. D., M.R.C.V.S., D.V.S.M.)

Powered by Koha